| 000 | 00676nam a22002297a 4500 | ||
|---|---|---|---|
| 008 | 131112b xxu||||| |||| 00| 0 eng d | ||
| 020 | _a1853392944 | ||
| 024 | _cAvailable | ||
| 037 | _cAvailable | ||
| 040 |
_aMBSTU LIBRARY _dMBSTU LIBRARY |
||
| 082 |
_222 _a627.1 PIA |
||
| 100 | _aPickford Jhon | ||
| 245 | _aAffordable Water Supply and Sanifation | ||
| 260 |
_aLondon _bIntermediate technology _c1985 |
||
| 300 |
_a29 cm. _b172page _f2 _g29 cm. |
||
| 600 | _2Water Supply | ||
| 700 | _aPickford Jhon | ||
| 270 |
_aLondon _bLondon _dUK |
||
| 365 |
_b2009.00 _d2009.00 |
||
| 942 |
_2ddc _cBK |
||
| 999 |
_c835 _d835 |
||